| 000 | 01588aam a2200433 i 4500 | ||
|---|---|---|---|
| 001 | vtls000937853 | ||
| 003 | PNM | ||
| 005 | 20220720122703.0 | ||
| 008 | 210920s2021 my ao g 000 0 may | ||
| 015 | _aM21-07383 | ||
| 020 |
_a9789671914601 _cRM30.00 _qpaperback |
||
| 039 | 9 |
_a202207140959 _birfah _c202205311106 _dathirah _c202201111603 _dhabirah _c202109291249 _dmiza_h |
|
| 040 |
_aBNM _beng _cBNM _dPNM _dPPAK _erda |
||
| 049 | _aklpmal | ||
| 082 | 0 | 4 |
_223 _a920.71 |
| 090 | 0 | 0 |
_a920.71 _bMAZ _dG |
| 100 | 0 |
_aMaziah Ahmad Mahidin, _cDr., _eauthor. |
|
| 245 | 1 | 0 |
_aDARI TITIK KE TITIK / _cDr. Maziah Ahmad Mahidin, Prof. Dato' Dr. Ahmad Zubaidi Abdul Latif, Dr. A'isyah Hani Ahmad Zubaidi ; Editor Nadhirah Hani |
| 264 | 1 |
_aPetaling Jaya, Selangor : _bHNZM PLT, _c[2021] |
|
| 300 |
_a282 pages : _bcolour illustrations, colour photographs ; _c21 cm |
||
| 336 |
_atext _2rdacontent |
||
| 337 |
_aunmediated _2rdamedia |
||
| 338 |
_avolume _2rdacarrier |
||
| 500 | _aContains verses from the Qur'an | ||
| 504 | _aBibliography: page 279 | ||
| 600 | 0 | 4 |
_aAhmad Mahidin Haji Idris, _d1931- |
| 650 | 1 | 0 | _aMandailing (Indonesian people) |
| 650 | 2 | 0 | _aBiography |
| 700 | 0 |
_aAhmad Zubaidi Abdul Latif, _cProf., Dato', Dr., _d1961- _eauthor. |
|
| 700 | 0 |
_aA'isyah Hani Ahmad Zubaidi, _cDr., _eauthor. |
|
| 700 | 0 |
_aNadhirah Hani, _eeditor. |
|
| 942 |
_2ddc _cB |
||
| 949 |
_61001298655 _e2768813 |
||
| 949 |
_61001298656 _e2768814 |
||
| 949 |
_61001298657 _e2768815 |
||
| 949 |
_61001298658 _e2768816 |
||
| 949 |
_62000737432 _a920.71 AHM.M M |
||
| 949 |
_62000737431 _a920.71 AHM.M M |
||
| 999 |
_c188436 _d188436 |
||